Swami Vivekananda : (Record no. 64125)

MARC details
000 -LEADER
fixed length control field 00442nam a22001457a 4500
005 - DATE AND TIME OF LATEST TRANSACTION
control field 20170828145241.0
020 ## - INTERNATIONAL STANDARD BOOK NUMBER
International Standard Book Number 8173914206
Terms of availability 00.00
035 ## - SYSTEM CONTROL NUMBER
System control number B-058705
037 ## - SOURCE OF ACQUISITION
Stock number DPL
Source of stock number/acquisition ENG
100 ## - MAIN ENTRY--PERSONAL NAME
Personal name Chakrabarti, Mohit
245 ## - TITLE STATEMENT
Title Swami Vivekananda :
Remainder of title Vibrant Humanist /
Statement of responsibility, etc by Mohit Chakrabarti
260 ## - PUBLICATION, DISTRIBUTION, ETC. (IMPRINT)
Place of publication, distribution, etc New Delhi
Name of publisher, distributor, etc Kanishka Publishers, Distributors
Date of publication, distribution, etc 2001
300 ## - PHYSICAL DESCRIPTION
Extent ix, 116p.
Dimensions 18 cms.
942 ## - ADDED ENTRY ELEMENTS (KOHA)
Source of classification or shelving scheme Dewey Decimal Classification
Item type English Books
Classification part 181.499
Call number suffix CHA
Holdings
Withdrawn status Lost status Not for loan Collection code Home library Current library Date acquired Cost, normal purchase price Full call number Barcode Cost, replacement price Koha item type
      Non-fiction Sarojini Nagar Sarojini Nagar 19/03/2012 0.00 181.499 CHA B-058705 0.00 English Books

© Delhi Public Library
Hit Counter
free hit counter